000 00868nam a2200217Ia 4500
001 2036
005 20260420162114.0
008 260306t2017||||xx |||||||||||||| ||spa||
041 _aESP
082 _a611.0181
_bP23
100 _aPaniagua, Ricardo,
_eAUT
245 0 _aBiología celular y molecular
260 _c2017
300 _axxi, 792 páginas :
_c27 cm.
650 _aGEN
654 _aCCS
856 _uhttps://0u216x81j-y-https-accessmedicina-mhmedical-com.itmsp.museknowledge.com/book.aspx?bookid=3467
_zVersión digital (2024)
856 _uhttps://0u216x81j-y-https-accessmedicina-mhmedical-com.itmsp.museknowledge.com/
_zVéase además: Base de datos McGraw Hill Access Medicina
856 _uhttps://0u23fx8le-y-https-www-clinicalkey-com.itmsp.museknowledge.com/student/login
_zVéase además: Base de datos ClinicalKey
942 _cLIB
_dJUS
_fJUS
_2ddc
999 _c2036
_d2036